MARC

Tag First Indicator Second Indicator Subfields
LEADER 00000cam a2200000 a 4500
001 in00000577952
005 20151014082716.0
008 810225s1980 inuab b f00010 eng d
035 |a (OCoLC)07155523 
035 |9 ACQ2049AM 
040 |a UDI  |c UDI  |d m/c  |d TXA  |d UtOrBLW 
049 1 |a TXA2 
090 |a TD201  |b .P9 no. 138 
100 1 |a Han, Ji. 
245 1 0 |a Least cost design of urban drainage systems /  |c by Ji Han, A. Ramachandra Rao, Mark H. Houck. 
264 1 |a West Lafayette, Ind. :  |b Water Resources Research Center, Purdue University,  |c [1980] 
300 |a x, 119 pages :  |b illustrations ;  |c 28 cm. 
336 |a text  |b txt  |2 rdacontent 
337 |a unmediated  |b n  |2 rdamedia 
338 |a volume  |b nc  |2 rdacarrier 
490 1 |a Technical report - Purdue University Water Resources Research Center,  |x 0555-8026 ;  |v no. 138 
500 |a Completion report, OWRT-A-056-index. 
500 |a "September, 1980." 
504 |a Includes bibliographies. 
650 0 |a Municipal engineering  |x Finance. 
650 0 |a Urban hydrology  |x Simulation methods. 
650 0 |a Sewerage. 
650 0 |a Drainage  |x Costs. 
700 1 |a Ramachandra Rao, A. 
700 1 |a Houck, Mark H. 
710 2 |a Purdue University.  |b Water Resources Research Center. 
710 1 |a United States.  |b Office of Water Research and Technology. 
710 1 |a United States.  |b Office of Water Research and Technology.  |g  Project A-056-IND. 
830 0 |a Technical report (Purdue University. Water Resources Research Center) ;  |v no. 138. 
870 1 9 |j 700/1  |a Rao, A. Ramachandra. 
999 |a MARS 
999 f f |s cba9efc7-7387-3111-a6d8-69774d962c22  |i 5b73328b-bcf9-3f10-b526-c89dcbb90642  |t 0 
952 f f |p ric  |a Texas A&M University  |b Rellis Campus  |c Joint Library Facility  |d Remote Storage  |t 0  |e TD201 .P9 no. 138  |h Library of Congress classification  |i unmediated -- volume  |m A14810721786 
998 f f |a TD201 .P9 no. 138  |t 0  |l Remote Storage